01801nam a2200481 i 450000100060000000300080000600500170001400600190003100700150005000800410006502000280010602000290013403500220016304000310018504100130021605000270022908000070025608000080026308000070027108200110027810000300028924000480031924501590036726400400052626400110056630000410057733600310061833700330064933800430068249000420072550400490076758800830081659001620089965000160106165000100107765000210108765500270110870000430113579700180117883000430119685600630123999900170130297814FINmELB20241217172714.0m o u cr cn|||||||||220829s2021 sp ob 001 0 spa d a9788413621647q(e-book) z9788413621388q(impreso) a(OCoLC)1345546632 aFINmELBbspaerdacFINmELB1 aspaheng 4aQ175.32.M43bJ373 2021 a57 a128 a6004a501231 aJasanoff, Sheila,eautor.10aCan science make sense of life?.lEspañol13aLa arrogancia de la biología :b¿puede la ciencia dotar de sentido a la vida? /cSheila Jasanoff ; traducción del inglés, Dulcinea Otero-Piñeiro. 1aMadrid :bAlianza Editorial,c2021. 4c©2020 a1 recurso en línea (260 páginas) atextobtxt2rdacontent/spa acomputadorabc2rdamedia/spa arecurso en líneabcr2rdacarrier/spa1 aEl libro de bolsillo. Ciencias ;vC72 aBibliografía: páginas 237-250. Índice. aDescripción basada en metadatos suministrados por el editor y otras fuentes. aRecurso electrónico. Santa Fe, Arg.: elibro, 2022. Disponible vía World Wide Web. El acceso puede estar limitado para las bibliotecas afiliadas a elibro. 4aBiología. 4aVida. 4aBiotecnología. 4aLibros electrónicos.1 aOtero-Piñeiro, Dulcinea,etraductor.2 aelibro, Corp. 0aEl libro de bolsillo. Ciencias ;vC72.40uhttps://elibro.net/ereader/politecnicointernacional/216055 c97814d97814